Formule 1 - Anagrammes de pilotes #2 - Statistiques

Statistiques générales
  • Ce quiz a été pris 148 fois
  • Le résultat moyen est 9 sur 30
Statistiques - réponses
Lettres Pilote % Correct
houz Guanyu Zhou
91%
abotts Valtteri Bottas
86%
aktvy Daniil Kvyat
79%
eeeillnuvv Jacques Villeneuve
58%
afiilt Nicholas Latifi
58%
agiiinovzz Antonio Giovinazzi
52%
cgklo Timo Glock
48%
adennoorv Stoffel Vandoorne
42%
aaeiklnnov Heikki Kovalainen
41%
ainps Olivier Panis
36%
iiluzz Vitantonio Liuzzi
36%
eehilnrw Pascal Wehrlein
33%
aaddlmnoo Pastor Maldonado
28%
eoprtv Vitaly Petrov
28%
eikln Christian Klien
27%
aabhikosy Kamui Kobayashi
25%
aeimnpz Nikita Mazepin
25%
aegjnors Romain Grosjean
21%
eegirrtuz Esteban Gutiérrez
20%
amnooty Juan-Pablo Montoya
18%
*aadelors Pedro de la Rosa
16%
ddeefhil Nick Heidfeld
15%
*adeirst Paul di Resta
15%
aaegilrrsuu Jaime Alguersuari
14%
aaacemnzz Gaston Mazzacane
7%
abchiin Jules Bianchi
7%
eimnoort Tiago Monteiro
5%
*abdimoors Jérome d'Ambrosio
4%
ceinorss Marcus Ericsson
4%
aabegmnrrtu Zsolt Baumgartner
4%
Aucun quiz correspondant
Distribution des résultats
% des personnes avec chaque résultat
Percentile par nombre de réponses
Votre historique - résultats
Vous n’avez pas pris ce quiz